[Event "Bhopal op"]
[Site "Bhopal"]
[Date "2017.12.21"]
[Round "1"]
[White "Kartikey, Verma"]
[Black "Rathanvel, VS."]
[Result "0-1"]
[WhiteElo "1660"]
[BlackElo "2323"]
[PlyCount "56"]
[EventDate "2017.12.21"]
[EventType "swiss"]
[EventRounds "10"]
[EventCountry "IND"]
[SourceTitle "CBM 182 Extra"]
[Source "ChessBase"]
[SourceDate "2018.02.23"]
[SourceVersion "1"]
[SourceVersionDate "2018.02.23"]
[SourceQuality "1"]

1. e4 c5 2. Nf3 d6 3. d4 cxd4 4. Nxd4 Nf6 5. Nc3 a6 6. Bc4 e6 7. Bb3 b5 8. Bg5 Be7 9. 0-0 b4 10. Na4 0-0 11. Qe1 a5 12. f4 Bb7 13. Rd1 Nxe4 14. Bxe7 Qxe7 15. f5 d5 16. fxe6 fxe6 17. Rxf8+ Kxf8 18. Qe2 Nd7 19. Qg4 Re8 20. c4 bxc3 21. Nxc3 Ndf6 22. Qh3 Nxc3 23. bxc3 e5 24. Nf5 Qc5+ 25. Qe3 Rc8 26. Qxc5+ Rxc5 27. Ne3 Bc6 28. g4 a4 0-1

[Event "IND-ch U19"]
[Site "Kankarbagh"]
[Date "2017.09.03"]
[Round "1"]
[White "Kartikey, Verma"]
[Black "Sai Agni, Jeevitesh J"]
[Result "0-1"]
[WhiteElo "1652"]
[BlackElo "2393"]
[PlyCount "84"]
[EventDate "2017.09.03"]
[EventType "swiss"]
[EventRounds "11"]
[EventCountry "IND"]
[SourceTitle "CBM 180 Extra"]
[Source "ChessBase"]
[SourceDate "2017.10.06"]
[SourceVersion "1"]
[SourceVersionDate "2017.10.06"]
[SourceQuality "1"]

1. e4 e6 2. d3 d5 3. Nd2 Nf6 4. Qe2 c5 5. g3 Nc6 6. Ngf3 g6 7. Bg2 Bg7 8. c3 0-0 9. 0-0 b6 10. Nh4 a5 11. e5 Nd7 12. f4 a4 13. Rd1 Ba6 14. Nhf3 b5 15. c4 bxc4 16. dxc4 Qa5 17. Qe1 Nb6 18. cxd5 exd5 19. Nf1 Rad8 20. Qxa5 Nxa5 21. Bd2 Nac4 22. b3 Nxd2 23. Rxd2 f6 24. Ne3 d4 25. Ng4 Nd5 26. exf6 Nxf6 27. Nxf6+ Rxf6 28. Rc1 Bf8 29. Bf1 axb3 30. axb3 Rb8 31. Bc4+ Bxc4 32. bxc4 Rb3 33. Kg2 Ra6 34. Ng5 Raa3 35. Ne4 Kg7 36. Ng5 Be7 37. Ne6+ Kf7 38. Nc7 Rc3 39. Nb5 Rxc1 40. Nxa3 Rc3 41. Nb1 Rxc4 42. Kf3 Rc1 0-1